Wszyscy członkowie wodnego kręgu - Gothic II NK - Statystyki

Ogólne statystyki
  • Ten quiz został rozwiązany 96 razy
  • Średni wynik to 7 z 9
Statystyki odpowiedzi
Odpowiedź % Poprawnych
Lares
99%
Cavalorn
89%
Cord
89%
Orlan
89%
Martin
75%
Bezimienny
67%
Gaan
64%
Baltram
63%
Lance
55%
Nie znaleziono quizów pasujących do podanych kryteriów
Rozkład punktacji
Procent ludzi z każdym wynikiem
Percentyl według liczby udzielonych odpowiedzi
Twoja historia wyników
Nie rozwiązałeś tego quizu